000 00638nam a2200229Ia 4500
003 OSt
005 20221007064830.0
006 a|||||r|||| 00| 0
007 ta
008 221006b |||||||| |||| 00| 0 eng d
024 _a11,717
037 _cTextual
040 _aFLL
_cFLL
_beng
041 _2eng
_aeng
082 _aV2:194:N7, K9
100 _aPatil R.L.M. Au.
_9686352
245 0 _aIndia nuclear weapons and international politics
260 _aDelhi
_bNational publishing house India
_c1969
300 _a338p
_ccm.
942 _hV2:194:N7, K9
_cTEXL
_2CC
999 _c1135495
_d1135495